Rinconete y Cortadillo

محفوظ في:
التفاصيل البيبلوغرافية
المؤلف الرئيسي: Cervantes Saavedra, Miguel de
التنسيق: كتاب
اللغة:Undetermined
منشور في: Buenos Aires, Argentina Kapelusz 1965
الموضوعات:
الوسوم: إضافة وسم
لا توجد وسوم, كن أول من يضع وسما على هذه التسجيلة!

MARC

LEADER 00000nam a2200000Ia 4500
008 170316s9999 xx 000 0 und d
040 |a cru BVZT 
090 |a 862 C-37r 
100 |a Cervantes Saavedra, Miguel de 
245 |a Rinconete y Cortadillo 
260 |a Buenos Aires, Argentina 
260 |b Kapelusz 
260 |c 1965 
300 |a 51 páginas 
650 |a LITERATURA ESPAÑOLA 
999 |c 9716  |d 9716 
942 |c 15 D  |h 862 C-37r  |2 z